| 000 | 00645nam a2200229Ia 4500 | ||
|---|---|---|---|
| 003 | OSt | ||
| 005 | 20230524102931.0 | ||
| 008 | 210423s2011 xx 000 0 und d | ||
| 020 | _a0-19-807638-X | ||
| 040 | _cAL | ||
| 041 | _aeng | ||
| 082 |
_a338.954 SRIG _223 |
||
| 100 |
_aSRINIVASAN (T N) _9111986 |
||
| 245 | _aGrowth sustainability and India's economic reforms | ||
| 260 |
_aNew Delhi _bOxford University Press _c2011 |
||
| 300 |
_axix,152 _bPB |
||
| 365 |
_b195 _cINR |
||
| 650 |
_aEconomics _9111987 |
||
| 650 |
_aIndian Economy _9111988 |
||
| 906 | _aeconomic ; Growth ; India ; reforms ; s ; sustainability | ||
| 942 |
_2ddc _cBK |
||
| 999 |
_c165358 _d165358 |
||